| 000 | 01279 a2200229 4500 | ||
|---|---|---|---|
| 003 | Nust | ||
| 005 | 20220802175609.0 | ||
| 010 | _a 2004040908 | ||
| 020 | _a0471476609 (cloth : acid-free paper) | ||
| 040 | _cNust | ||
| 082 | 0 | 0 | _a621.366,CSE |
| 100 | 1 |
_aCsele, Mark. _996349 |
|
| 245 | 1 | 0 |
_aFundamentals of light sources and lasers / _cMark Csele. |
| 260 |
_aHoboken, N.J. : _bJ. Wiley, _cc2004. |
||
| 300 |
_axvi, 344 p. : _bill. ; _c24 cm. |
||
| 505 | _aLight And Blackbody Emission (Page-1), Atomic Emission (Page-21), Quantum Mechanics (Page-49), Lasing Processes (Page-83), Lasing Transitions And Gain (Page-117), Cavity Optics (Page-159), Fast-Pulse Production (Page-193), Nonlinear Optics (Page-219), Visible Gas Lasers (Page-235), UV Gas Lasers (Page -261), Infrared Gas Lasers (Page-283), Solid State Lasers (Page-295), Semiconductor Lasers (Page-313), Tunable Dye Lasers (Page-327). | ||
| 650 | 0 | _aTelecommunication Engineering. | |
| 856 | 4 | 2 |
_3Contributor biographical information _uhttp://www.loc.gov/catdir/enhancements/fy0617/2004040908-b.html |
| 856 | 4 | 2 |
_3Publisher description _uhttp://www.loc.gov/catdir/description/wiley042/2004040908.html |
| 856 | 4 | 2 |
_3Table of contents only _uhttp://www.loc.gov/catdir/toc/wiley041/2004040908.html |
| 942 |
_cREF _2ddc |
||
| 999 |
_c175611 _d175611 |
||